Legislación internacional del medio ambiente, de género y generacional

Na minha lista:
Detalhes bibliográficos
Autor principal: Andaluz Vegacenteno, Horacio (Author)
Formato: Livro
Idioma:espanhol
Publicado em: La Paz Ministerio de Desarrollo Sostenible 2000
Edição:1a. ed
Assuntos:
Tags: Adicionar Tag
Sem tags, seja o primeiro a adicionar uma tag!

MARC

LEADER 00000nam a2200000 a 4500
001 UCK5345
003 CL-VaPUC
008 050722e20000000BO |||||||||||||||||spa|d
020 |a 9990542104 
082 0 4 |a 341.026  |b AND  |2 21 
100 0 |a Andaluz Vegacenteno, Horacio  |e author  |9 494086 
245 1 0 |a Legislación internacional del medio ambiente, de género y generacional 
250 |a 1a. ed 
300 |a 694 p 
942 |c BK 
945 |d 20050722 00:00:00  |a cmena 
260 |a La Paz  |b Ministerio de Desarrollo Sostenible  |c 2000 
650 0 |a Derecho internacional  |9 255637 
650 0 |a Derecho ambiental   |9 257835 
650 0 |a Derechos humanos  |9 223025 
650 0 |a Discriminación sexual  |9 313877 
650 0 |a Derechos del niño  |9 258728 
650 0 |a Jurisprudencia  |9 255952 
650 0 |a Tratados internacionales   |9 256056 
583 |a last modification  |c 20050722 00:00:00  |k Rodrigo Vera 
999 |c 313922  |d 313920 
952 |0 0  |1 0  |4 0  |6 341_026000000000000_AND_2000  |7 0  |8 A  |9 385720  |a BIBDER  |b BIBDER  |d 2019-11-22  |i 4149556  |o 341.026 AND 2000  |p 4149556  |r 2023-01-25  |w 2019-11-22  |y BK  |k DER